Sechs nächstgelegene Länder - Antarktis - Statistiken

Allgemein
  • Dieses Quiz wurde 55 mal gespielt
  • Das Durchschnittsergebnis liegt bei 4 aus 6
Antwortstatistiken
km Land % Korrekt
2518 Australien
91%
1005 Chile
91%
1023 Argentinien
85%
2484 Neuseeland
83%
3151 Uruguay
34%
3292 Brasilien
26%
Keine übereinstimmenden Quizze gefunden
Verteilung der Resultate
Anzahl Personen mit jedem Resultat
Perzentil nach korrekt beantworteten Fragen
Ihre Resultats-Entwicklung
Sie haben dieses Quiz noch nicht gespielt